Acta sanctae sedis in compendium opportune redacta et illustrata, seu, Acta iuridica et solemniora ex Supremo Romano Pontifice immediate dimanantia: acta inter ea quae publici fieri possunt iuris, sive sint decreta, sive instructiones, sive responsa, et alia huiusmodi; praesertim vero causarum expositiones et resolutione ex variis EE. Cardinalium Sacris Congregationibus, ad acclesiastici iuris accuratam intelligentiam et observantiam conferentes, in compendium diligenti studio redactae: alia denique iuridica, quibus opportune illustrantur quae in expositis actis vel difficultatem parere possint, vel ad vigentis iuris notitiam ulterius conducant: in utilitatem eorum qui in ecclesiae legibus studiose dignoscendis, et in regimine christiani gregis, vel in colenda Domini vinea sedulo adlaborant

Detalles Bibliográficos
Formato: Libro
Lenguaje:Undetermined
Italian
Publicado: Romae : typis Polyglottae officinae S.C. de Propaganda Fide, 1882.
Materias:
Colección:Banco de datos
Acervo:Biblioteca Palafoxiana. Colección bibliográfica
Descripción Física:t. ; 4°
Tema general:Historia eclesiástica
Notas:Sello en tinta: Biblioteca de la Universidad Católica Angelopolitana. Número de localización: t.2 (36163) ; t.5 (36166)
LEADER 01356nam a2200157Ia 4500
008 150723s9999 xx 000 0 und d
041 0 |a ita 
050 0 |a PAFX BR145 A2 
245 1 0 |a Acta sanctae sedis in compendium opportune redacta et illustrata, seu, Acta iuridica et solemniora ex Supremo Romano Pontifice immediate dimanantia: acta inter ea quae publici fieri possunt iuris, sive sint decreta, sive instructiones, sive responsa, et alia huiusmodi; praesertim vero causarum expositiones et resolutione ex variis EE. Cardinalium Sacris Congregationibus, ad acclesiastici iuris accuratam intelligentiam et observantiam conferentes, in compendium diligenti studio redactae: alia denique iuridica, quibus opportune illustrantur quae in expositis actis vel difficultatem parere possint, vel ad vigentis iuris notitiam ulterius conducant: in utilitatem eorum qui in ecclesiae legibus studiose dignoscendis, et in regimine christiani gregis, vel in colenda Domini vinea sedulo adlaborant 
260 |a Romae : typis Polyglottae officinae S.C. de Propaganda Fide, 1882. 
300 |a t. ; 4° 
500 |a Sello en tinta: Biblioteca de la Universidad Católica Angelopolitana. Número de localización: t.2 (36163) ; t.5 (36166) 
650 1 0 |a Historia eclesiástica 
942 |c PALALIB 
943 |g Biblioteca Palafoxiana. Colección bibliográfica 
999 |c 1064421  |d 1064421